Statistiques concernant Rambo - Quiz

Cliquez ici pour prendre le quiz!

Statistiques générales

  • Ce quiz a été pris 50 fois
  • Le résultat moyen est 9 sur 17

Statistiques - réponses

IndiceRéponse% Correct
Prénom de RamboJohn
100%
Rambo est un vétéran de la Guerre du...Vietnam
98%
Rambo est... ( nationalité )Américain
90%
First Blood ( Rambo 1 ) est sorti en... ( année )1982
88%
Nombre de films dans la saga5
88%
Pays dans lequel se déroule First BloodÉtats-Unis
83%
Pays dans lequel se déroule Rambo 3Afghanistan
63%
Titre du cinquième et dernier volet de la sagaLast Blood
56%
Nom du colonel de Rambo
Samuel Trautman
51%
Serpent capturé par Rambo au début de Rambo 4Cobra
44%
Pays dont Rambo affronte l'armée dans
Rambo 3
Union Soviétique
44%
Rambo tire son nom d'une variété de... ( fruit )
Pomme
37%
Agent corrompu qui dirige la mission de Rambo
et l'abandonne au Vietnam dans Rambo 2
Murdock
27%
Célèbre citation de Rambo dans John Rambo
( Rambo 4 ) : "vivre pour pourrir, ou mourir pour..." ?
Quelque chose
20%
Dans First Blood, Rambo cherche un lieu où
manger dans une petite ville du nom de...
Hope
15%
Le nom du shériff qui traque Rambo dans
First Blood
Will Teasle
12%
Nom de la femme indigène qui assiste Rambo
dans First Blood Part II ( Rambo 2 )
Co Bao
7%

Distribution des résultats

Percentile par nombre de réponses

% des personnes avec chaque résultat

Votre développement - résultats

Vous n’avez pas pris ce quiz